Paesi per Immagine #3 - Statistics

Statistiche generali
  • Questo quiz è stato fatto 100 volte
  • Il punteggio medio è 10 su 15
Statistiche sulle risposte
con Immagini Risposta % Corretto
Spagna
92%
Città del Vaticano
91%
Francia
91%
Paesi Bassi
89%
Stati Uniti
86%
Giordania
76%
Austria
70%
Ungheria
67%
Tanzania / Kenya
64%
Cuba
60%
Irlanda
45%
Iran
41%
Croazia
39%
Argentina
37%
Taiwan
24%
Nessun quiz corrispondente trovato
Distribuzione punteggi
Percentuale di utenti per punteggio
Percentile per numero di risposta
I tuoi punteggi nel tempo
Non hai fatto questo quiz